Sanat - "Mimosan hipiä" - Juice Leskinen - Statistics

Yleistilastot
  • Tätä visaa on pelattu 17 kertaa
  • Keskiarvotulos 128 / 153
Vastaustilastot
Vastaus % Oikein
Sattuu
100%
en
100%
hellä
100%
hipiä
100%
ja
100%
joka
100%
kipiä
100%
kuin
100%
kylmävesihanaa
100%
löydä
100%
Mimosan
100%
on
100%
Sattuu
100%
Sielu
100%
sielu
100%
sielussa
100%
sopukkaan
100%
eikä
89%
kapakkaan
89%
korville
89%
lyö
89%
menen
89%
painaa
89%
sataa
89%
sielua
89%
tuulee
89%
vain
89%
ääniä
78%
Ajatus
78%
ajatus
78%
auki
78%
bailaan
78%
hengissä
78%
jälleen
78%
jota
78%
Kailaan
78%
kestä
78%
Korvani
78%
kuulee
78%
lopukaan
78%
mieli
78%
morkkis
78%
mun
78%
olen
78%
outoja
78%
palaa
78%
pellit
78%
poikkipuolen
78%
puolivalmis
78%
pysyä
78%
saapuu
78%
sanaa
78%
siellä
78%
siinäpä
78%
syö
78%
tapakaan
78%
toistansa
78%
työ
78%
tyyppi
78%
Uuno
78%
uusi
78%
vainaa
78%
yhtään
78%
78%
eiliset
67%
ennen
67%
hän
67%
heitti
67%
lataa
67%
olaltaan
67%
pitkää
67%
rataa
67%
sanansa
67%
sankari
67%
vaikkei
67%
valaa
67%
viimein
67%
kunnes
56%
Menneisyys
56%
minut
56%
nilkuttaa
56%
pipiä
56%
suppeaa
56%
tuska
56%
halaa
44%
lohtua
44%
luulee
44%
mies
44%
nykyiseen
44%
poissa
44%
tolaltaan
44%
onneton
33%
paiseeksi
22%
Ehtoja vastaavia visoja ei löytynyt
Tulosjakauma
Jokaisen tuloksen saaneiden osuus
Persentiili vastausten määrän mukaan
Tuloshistoriasi
Et ole pelannut tätä visaa